000 01143nam a22002415i 4500
001 159593
003 ES-MaACL
005 20250821063058.0
008 981002m18751876fr |||| | fre d
040 _aGA
_bspa
_cCCPB | 3D
100 1 _aMichelet, Jules,
_d1798-1874
_980919
245 1 0 _aHistoire du XIXe siecle /
_cJ. Michelet.
260 _aParis :
_bCalmann Lévy, éditeur, ancienne maison Michel Lévy frères :
_ba la Librairie Nouvelle,
_c1875-1876 (
_eLagny :
_fF. Aureau)
300 _a3 v. ([6], XXII, 443 ; [4], XXIV, 384 ; XXI, 472 p.) ;
_c23 cm.)
505 8 _aContiene : t. I. Directoire ; Origine des Bonaparte.- Nouvelle édition-t. II. Jusqu'au 18 Brumaire.- Deuxième édition-t. III. Jusqu'a Waterloo.- Troisième édition
593 _aEncabezamiento tomado de Espasa, t. 35, p. 20.
594 _aAutor precede a tit.
596 _aMarca de ed. en port.
596 _aPié de imprenta para el t. II y III : Paris : Michel Lévy frères ; a la Librairie Nouvelle, 1875.
651 4 _aFrancia-
_xHistoria-
_y1789-1900
_98693
852 _aES-MaACL
_jF-5705-5707
_z-- Enc. hol.
999 _c159593
_d159593